000 00904cam a22002771a 4500
001 agr65000296
003 DLC
005 20260227111024.0
008 730808s1965 dcubd bs f000 0 eng
010 _aagr65000296
035 _a(OCoLC)674548
040 _aDLC
_cNhD
_dDNAL
_dDLC
043 _af------
050 0 0 _aHD2117
_b.W3
070 0 _aA281.9
_bAg83 no.128
100 1 _aWarren, Cline J.
_q(Cline Jefferson),
_d1928-
245 1 0 _aAgriculture of Northern Africa /
_c[by Cline J. Warren and Carolee Santmyer].
260 _aWashington, D.C. :
_bU.S. Dept. of Agriculture, Economic Research Service,
_c1965.
300 _av, 56 p. :
_bcharts, map ;
_c26 cm.
440 0 _aERS-foreign ;
_v128
500 _aCover title.
504 _aBibliography: p. 34.
650 0 _aAgriculture
_xEconomic aspects
_zAfrica.
651 0 _aAfrica
_xEconomic conditions.
700 1 _aSantmyer, Carolee,
_d1936-
999 _c12019
_d12019